000 00552nam a2200193Ia 4500
001 17434
003 GE_BSU
008 181216s||||||||xx |||||||||||||| ||und||
040 _cGE_BSU
080 _a821.353.1-1
100 _aკალანდაძე,ანა
245 _aლექსები
245 _cრედ.:რ.სირაძე; მხატვ.:დ.დუნდუა
260 _aთბილისი
260 _bსაბჭ.საქართველო
260 _c1981
300 _a200გვ.16სმ
942 _cBK
999 _c50486
_d50486